A "szubjektivitás és objektivitás", "személylegesség és tárgylagosság" fogalmai tudományos becsének kellő mértékrei szállítása. Értekezés

Elmentve itt :
Bibliográfiai részletek
Szerző: Vandrák András
Adatforrás:Philobibl
Forrásdokumentuma:Világosság 25
1984/12., 754-760. p.
Dokumentumtípus: Cikk
Nyelv:magyar
LEADER 00450nab a2200109 c 4500
001 bibDOK00002831
005 20200924115914.5
008 060518s1984 hu hun
100 1 |a Vandrák András 
245 1 3 |a A "szubjektivitás és objektivitás", "személylegesség és tárgylagosság" fogalmai tudományos becsének kellő mértékrei szállítása. Értekezés  |c Vandrák András 
500 |a Beőthy Ottó (bev.) 
773 0 |t Világosság 25  |g 1984/12., 754-760. p.